000 00837cab a2200205 4500
001 L135850
008 061213n2006 000 0 eng u
035 _a(Sirsi) u135850
041 0 _aeng
100 1 _aLawson, David
245 0 0 _aEnvironmental services
_bhow clean is your site?
260 _c2006
490 4 _aProperty Week
_v71(46) 17 November 2006, 119(1)
520 _aConcerns over contamination are forcing banks to insist on risk assessments for property rather than relying on get out clauses. Lenders have begun to realise they may face big bills as surveyors are rarely covered by personal indemnity insurance on these problems.
590 _aKA
650 2 4 _aENVIRONMENT PROTECTION ACT 1990
651 4 _aUnited Kingdom
_y
690 _aPROPERTY-PROPERTY DEVELOPMENT-SUSTAINABLE PROPERTY DEVELOPMENT
942 _n0
999 _c78041
_d78041